000 00964nam a2200193 a 4500
001 000029439
005 20200930055542.0
008 110415s1942 dr r 000 0 spa d
040 _aDO-SdBNP
_bspa
_cBNPHU
082 _axxxx
_bO77d, 1942
100 1 _aOrtega Frier, Julio,
_d1888-1953
_956315
245 1 0 _aDiscurso del licenciado Julio Ortega Frier, rector de la Universidad de Santo Domingo, pronunciado en el acto académico celebrado el 28 de octubre de 1938 con motivo del cuarto centenario de la erección de la Universidad. 1538-1938 /
_cJulio Ortega Frier.
250 _a2a ed.
260 _aCiudad Trujillo, República Dominicana :
_bImprenta "La Opinión",
_c1942.
300 _a28 p. ;
_c24 cm.
490 1 _aPublicaciones Universidad Autónoma de Santo Domingo
_v3
500 _a"De los Anales de la Universidad de Santo Domingo, vol. III, fasc. I, de 1939, páginas 16/40."
830 0 _aPublicaciones Universidad Autónoma de Santo Domingo
_n3
_956316
999 _c28931
_d28931